Statistics for Pinocchio - Give a Little Whistle Lyrics

Click here to take the quiz!

General Stats

  • This quiz has been taken 17 times
  • The average score is 66 of 83

Answer Stats

Answer% Correct
a
100%
a
100%
a
100%
a
100%
a
100%
a
100%
a
100%
and
100%
and
100%
and
100%
and
100%
And
100%
and
100%
And
100%
don't
100%
in
100%
When
100%
When
100%
you
100%
you
100%
you
100%
you
100%
be
89%
give
89%
Give
89%
give
89%
Give
89%
give
89%
Give
89%
know
89%
little
89%
little
89%
little
89%
little
89%
little
89%
little
89%
little
89%
right
89%
the
89%
the
89%
trouble
89%
whistle
89%
whistle
89%
whistle
89%
whistle
89%
whistle
89%
whistle
89%
wrong
89%
from
78%
is
78%
always
67%
blow
67%
get
67%
guide
67%
if
67%
if
67%
just
67%
let
67%
temptation
67%
to
67%
up
67%
very
67%
your
67%
your
67%
your
67%
conscience
56%
Cricket
56%
Jiminy
56%
narrow
56%
path
56%
pucker
56%
start
56%
strong
56%
urge
56%
weak
56%
whistle's
56%
yell
56%
Not
44%
slide
44%
straight
44%
Take
44%
meet
33%
squeak
33%

Score Distribution

Percentile by Number Answered

Percent of People with Each Score

Your Score History

You have not taken this quiz